[Event "Chess24 Banter QualC 2020"]
[Site "chess24.com INT"]
[Date "2020.09.12"]
[Round "3.1"]
[Board "1"]
[White "Mamedov, Rauf"]
[Black "Tari, Aryan"]
[Result "1/2-1/2"]
[WhiteTitle "GM"]
[BlackTitle "GM"]
[WhiteElo "2654"]
[BlackElo "2630"]
[WhiteFideId "13401653"]
[BlackFideId "1510045"]
[EventDate "2020.09.06"]

1. e4 e5 2. Nf3 Nc6 3. Nc3 Nf6 4. Bb5 Bd6 5. d3 h6 6. a3 a6 7. Bc4 Bc5 8. h3 d6
9. Be3 Bxe3 10. fxe3 Be6 11. Bxe6 fxe6 12. O-O O-O 13. Qe1 Qe8 14. Qg3 Qh5 15.
Nh2 Rf7 16. Rf3 Raf8 17. Raf1 Nh7 18. Ng4 Kh8 19. Ne2 Ng5 20. Rxf7 Rxf7 21. Rxf7
Qxf7 22. Qh4 Ne7 23. Qe1 Nc6 24. c4 Qg6 25. Kh2 Nh7 26. b4 h5 27. Nf2 Qg5 28.
Nd1 Ne7 29. b5 Ng6 30. Qg3 Qxg3+ 31. Kxg3 Nf6 32. Ndc3 Kg8 33. Nc1 a5 34. Nb3 b6
35. Kf3 Nd7 36. d4 Kf7 37. g3 Ne7 38. h4 g6 39. Ke2 exd4 40. exd4 e5 41. Kd3
exd4 42. Kxd4 Ke6 43. Nd5 Nxd5 44. cxd5+ Ke7 45. Nd2 Ne5 46. Ke3 Kf6 47. Kd4 g5
48. Ke3 Kg6 49. Kd4 Kf6 50. Ke3 Kg6 51. Kd4 Kf6 1/2-1/2

[Event "Chess24 Banter QualC 2020"]
[Site "chess24.com INT"]
[Date "2020.09.12"]
[Round "3.2"]
[Board "1"]
[White "Tari, Aryan"]
[Black "Mamedov, Rauf"]
[Result "1/2-1/2"]
[WhiteTitle "GM"]
[BlackTitle "GM"]
[WhiteElo "2630"]
[BlackElo "2654"]
[WhiteFideId "1510045"]
[BlackFideId "13401653"]
[EventDate "2020.09.06"]

1. e4 c5 2. Nf3 g6 3. c4 Bg7 4. d4 cxd4 5. Nxd4 Nc6 6. Be3 Qb6 7. Nb5 Qa5+ 8.
N1c3 Nf6 9. f3 O-O 10. Be2 d6 11. O-O a6 12. Nd4 Nxd4 13. Bxd4 Be6 14. Qd3 Rac8
15. b3 Nd7 16. Bxg7 Kxg7 17. f4 f6 18. Rac1 b5 19. cxb5 axb5 20. Qxb5 Qa7+ 21.
Kh1 Rc5 22. Qd3 Rfc8 23. Rc2 Qa3 24. Nb5 Qa5 25. Nd4 Rxc2 26. Nxc2 Qxa2 27. Nd4
Bf7 28. Bg4 Nc5 29. Qe3 Ra8 30. e5 Qb2 31. e6 Bg8 32. Bf3 Ra1 33. Rg1 Ra2 34. f5
Qd2 35. Qxd2 Rxd2 36. Nc6 gxf5 37. b4 Ne4 38. h3 Kf8 39. Ra1 Bxe6 40. Ra8+ Kg7
41. Nxe7 Rb2 42. Ra7 Kh6 43. Kh2 Nd2 44. Bd5 Bxd5 45. Nxd5 Nf3+ 46. Kg3 Ng5 47.
Nxf6 Kg6 48. Ne8 Rb3+ 49. Kh2 Ne4 50. Rg7+ Kh6 51. Rd7 Rxb4 52. Nxd6 Nxd6 53.
Rxd6+ Kg7 54. Rd2 Kg6 1/2-1/2

[Event "Chess24 Banter QualC 2020"]
[Site "chess24.com INT"]
[Date "2020.09.12"]
[Round "3.3"]
[Board "1"]
[White "Mamedov, Rauf"]
[Black "Tari, Aryan"]
[Result "1-0"]
[WhiteTitle "GM"]
[BlackTitle "GM"]
[WhiteElo "2654"]
[BlackElo "2630"]
[WhiteFideId "13401653"]
[BlackFideId "1510045"]
[EventDate "2020.09.06"]

1. e4 e5 2. Nf3 Nc6 3. Bb5 a6 4. Ba4 Nf6 5. Qe2 Bd6 6. c3 O-O 7. O-O Re8 8. Rd1
Bf8 9. d3 h6 10. Nbd2 b5 11. Bb3 d5 12. Nf1 Be6 13. Ng3 Qd7 14. Bc2 d4 15. h3
Bc5 16. Bd2 Rad8 17. Nh4 dxc3 18. bxc3 b4 19. Nhf5 bxc3 20. Bxc3 Bd4 21. Bxd4
Nxd4 22. Nxd4 Qxd4 23. Bb3 g6 24. Rac1 c5 25. Qc2 Rc8 26. Ne2 Qd6 27. Nc3 Red8
28. Bc4 Bxc4 29. dxc4 Qc6 30. Nd5 Nxd5 31. exd5 Qd6 32. Re1 Re8 33. Re3 Re7 34.
Rb1 Rce8 35. Qb2 Rd7 36. Qb6 Kg7 37. Qxd6 Rxd6 38. Rb7 e4 39. Rc7 Kf6 40. Rxc5
Ke5 41. Rc7 f5 42. Re1 f4 43. a4 a5 44. Rc5 Kd4 45. Rxa5 Kxc4 46. Rb5 Ra6 47.
Rc1+ Kd4 48. Rd1+ Kc4 49. d6 Rd8 50. Rbd5 Kc3 51. d7 Rxa4 52. Rc5+ Rc4 53. Rc1+
Kd2 54. R5xc4 Rxd7 55. R4c2+ Kd3 56. Rd1+ Kxc2 57. Rxd7 1-0

[Event "Chess24 Banter QualC 2020"]
[Site "chess24.com INT"]
[Date "2020.09.12"]
[Round "3.4"]
[Board "1"]
[White "Tari, Aryan"]
[Black "Mamedov, Rauf"]
[Result "0-1"]
[WhiteTitle "GM"]
[BlackTitle "GM"]
[WhiteElo "2630"]
[BlackElo "2654"]
[WhiteFideId "1510045"]
[BlackFideId "13401653"]
[EventDate "2020.09.06"]

1. e4 c5 2. Nf3 g6 3. c3 Bg7 4. d4 cxd4 5. cxd4 d5 6. e5 Nh6 7. Bb5+ Nc6 8. O-O
O-O 9. Bxc6 bxc6 10. h3 f6 11. Re1 Nf7 12. exf6 exf6 13. b3 g5 14. Ba3 Re8 15.
Rxe8+ Qxe8 16. Nbd2 Bf5 17. Qf1 Qd8 18. Bc5 a5 19. Re1 Nd6 20. a4 h5 21. Qe2 Qd7
22. Qe7 Nf7 23. Qxd7 Bxd7 24. Re7 Bf5 25. Rc7 Nd8 26. Bb6 Bf8 27. Bc5 Bg7 28.
Kh2 Bc2 29. Ne1 Bg6 30. Re7 Bf8 31. Rc7 Be8 32. Bxf8 Kxf8 33. Nc2 Ne6 34. Rh7
Bf7 35. Rh8+ Bg8 36. Rxh5 Kg7 37. Ne3 Nxd4 38. h4 Bf7 39. g4 Bxh5 40. gxh5 Rh8
41. hxg5 Rxh5+ 42. Kg3 Rxg5+ 43. Kf4 Ne6+ 44. Kf3 Rg1 45. Ndf1 Kf7 46. Ke2 d4
47. Nf5 d3+ 0-1

[Event "Chess24 Banter QualC 2020"]
[Site "chess24.com INT"]
[Date "2020.09.12"]
[Round "3.5"]
[Board "1"]
[White "Mamedov, Rauf"]
[Black "Tari, Aryan"]
[Result "1-0"]
[WhiteTitle "GM"]
[BlackTitle "GM"]
[WhiteElo "2654"]
[BlackElo "2630"]
[WhiteFideId "13401653"]
[BlackFideId "1510045"]
[EventDate "2020.09.06"]

1. e4 c6 2. Nc3 d5 3. Nf3 Bg4 4. h3 Bxf3 5. Qxf3 e6 6. g3 Nf6 7. Bg2 Bc5 8. O-O
Nbd7 9. Qe2 O-O 10. d3 Qc7 11. Kh2 dxe4 12. dxe4 e5 13. Nd1 Rfe8 14. Ne3 Nf8 15.
Bd2 Ne6 16. c3 Nf4 17. Qf3 Nxg2 18. Kxg2 Rad8 19. Rad1 Rd3 20. Bc1 Red8 21. Rxd3
Rxd3 22. Qe2 Rd7 23. Nf5 Bf8 24. Bg5 Ne8 25. Be3 Nd6 26. Qg4 Nxf5 27. Qxf5 g6
28. Qf3 a5 29. h4 Qd8 30. h5 Rd6 31. hxg6 hxg6 32. Rh1 Qd7 33. Bc5 Rd3 34. Qf6
Bg7 35. Qh4 f6 36. Be3 Kf7 37. Bh6 Bxh6 38. Qxh6 Qg4 39. Qh7+ Kf8 40. Qh8+ Ke7
41. Rh7+ Kd6 42. Qd8+ Kc5 43. Qxd3 1-0

[Event "Chess24 Banter QualC 2020"]
[Site "chess24.com INT"]
[Date "2020.09.12"]
[Round "3.6"]
[Board "1"]
[White "Tari, Aryan"]
[Black "Mamedov, Rauf"]
[Result "1/2-1/2"]
[WhiteTitle "GM"]
[BlackTitle "GM"]
[WhiteElo "2630"]
[BlackElo "2654"]
[WhiteFideId "1510045"]
[BlackFideId "13401653"]
[EventDate "2020.09.06"]

1. e4 c5 2. Nf3 g6 3. c3 Nf6 4. e5 Nd5 5. Bc4 Nb6 6. Bb3 Bg7 7. O-O O-O 8. d4
cxd4 9. cxd4 d5 10. h3 Bf5 11. Nc3 Nc6 12. Bg5 Be4 13. Be3 Bxf3 14. Qxf3 e6 15.
Qg3 Ne7 16. Bc2 Nc4 17. Bg5 Rc8 18. Qh4 Rc7 19. Nb5 Rd7 20. b3 Na5 21. Bd3 Nac6
22. Rac1 Qb6 23. Be3 f6 24. Qg4 Nf5 25. Nd6 Kh8 26. Bxf5 exf5 27. Qh4 fxe5 28.
dxe5 d4 29. Bh6 Nxe5 30. Nc4 Nxc4 31. Rxc4 d3 32. Rd1 Bxh6 33. Qxh6 Qf6 34. Rd2
Re8 35. Rh4 Kg8 36. Qf4 Qa1+ 37. Kh2 Qe5 38. Qxe5 Rxe5 39. Rc4 Re2 40. Rd1 Rxf2
41. a4 Rb2 42. Rc3 d2 43. Kg3 Kg7 44. Kf2 Kh6 45. h4 a5 46. g3 Rd4 47. Ke2 Rb4
48. Rxd2 R4xb3 49. Rxb3 Rxb3 50. Kf2 Rb4 51. Rd7 Rxa4 52. Rxb7 Ra2+ 53. Kf3 Ra3+
54. Kf2 Ra2+ 55. Kf3 Ra3+ 56. Kf2 Ra2+ 1/2-1/2